Structural indicators : a methodology for social planning /

Saved in:
Bibliographic Details
Main Author: Clavel, Pierre
Corporate Authors: Cornell University. Program in Urban and Regional Studies, Cornell University. Dept. of City and Regional Planning
Format: Book
Language:English
Published: Ithaca, N.Y. : PURS, 1979.
Series:Working papers in planning ; 2.
Subjects:
LEADER 01093nam a2200253 4500
001 c000056990
003 CARM
005 00000000000000.0
008 s1979 nyu 00000 eng d
019 1 |a 4663563  |5 LACONCORD2021 
035 |a (OCoLC)219997149  |5 LACONCORD2021 
040 |a NU  |c NU 
100 1 |a Clavel, Pierre. 
245 1 0 |a Structural indicators :  |b a methodology for social planning /  |c Pierre Clavel. 
260 |a Ithaca, N.Y. :  |b PURS,  |c 1979. 
300 |a 30 p. :  |b ill. 
490 1 |a Working papers in planning / Dept. of City and Regional Planning in conjunction with the Program in Urban and Regional Studies ;  |v 2 
650 0 |a Social policy. 
710 2 0 |a Cornell University.  |b Program in Urban and Regional Studies. 
710 2 0 |a Cornell University.  |b Dept. of City and Regional Planning. 
830 0 |a Working papers in planning ;  |v 2. 
852 8 |b CARM  |h A3:AB19D2  |i D00912  |p 0042050  |f BK 
999 f f |i b1cd6779-8603-5f68-b163-be4bcb0f11d2  |s 7cb935dc-39ae-5c89-9744-04923e7285c3 
952 f f |p Can circulate  |a CAVAL  |b CAVAL  |c CAVAL  |d CARM 1 Store  |e D00912  |f A3:AB19D2  |h Other scheme  |i book  |m 0042050